LEADER 01365nam a2200337 a 4500 001 000000135863 003 CaOOAMICUS 005 20131021140452.0 008 131021s2013 it u000 u ita r 020 $a978-88-308-1280-2 040 $aPUL$bita 082 04$a262.54 100 1 $aVitali, Dario,$csac.,$d1956 -$0(OLS)http://pul/name/40122 245 10$aPopolo di Dio /$cDario Vitali. 260 $aAssisi :$bCittadella,$c2013. 300 $a222 p. ;$c21 cm 490 1 $aParole della fede 504 $aBibliografia p. [205]-218. 611 24$aConcilium Vaticanum$n(2 :$d1962-1965)$tLumen gentium.$0(OLS)http://pul/subject/23276 650 4$aEcclesiologia$ySec. XX.$0(OLS)http://pul/subject/18902 830 3$aLe Parole della fede.$0(OLS)http://pul/title/163636 850 $aPUL 852 $aPUL$W1$xSL Religione 3$y85$m262. 54 VITDA 2$j156686$qDDC 21$B156027$CPULBib$Z2$F156027 $H123026 $82 941 1 $a9 960 $aConcilium Vaticanum$n(2 :$d1962-1965)$tConstitutio dogmatica de Ecclesia$923276 960 $aLumen gentium$923276 996 $6020$a978-88-308-1280-2$9(OLS)http://pul/number/153773 996 $6082$a262.54$9(OLS)http://pul/classification/2570 996 $6245$aPopolo di Dio$9(OLS)http://pul/title/171766 996 $6260$aAssisi :$bCittadella$9(OLS)http://pul/publisher/49668 LEADER 01633namaa2200385 i 4500 001 000000177907 003 CaOOAMICUS 005 20250715113910.0 007 tu 008 250715s2025 it 000 u ita r 020 $a978-88-922-4685-0* 040 $aPUL$bita$erda 082 0 $a222.05 100 1 $aBazylinski, Stanis?aw,$cO.F.M.Conv.,$d1962-,$eautore.$0(OLS)http://pul/name/34492 245 13$aIl giusto nel Salterio :$bideale e realtą /$cStanis?aw Bazy?in?ki . 264 4$c©2025. 264 1$aCinisello Balsamo :$bSan Paolo,$c[2025] 300 $a160 pagine ;$c22 cm 336 $atesto$btxt$2rdacontent 337 $asenza mediazione$bn$2rdamedia 338 $avolume$bnc$2rdacarrier 490 1 $aStudi sull'Antico e sul Nuovo Testamento. ;$v10 500 $aTesto in italiano, passi in ebraico. 504 $aBibliografia (pagine [141]-148. 630 04$aBiblia.$pV.T.$pPsalmi$xCritica e interpretazione.$0(OLS)http://pul/subject/633 830 0$aStudi sull'Antico e sul Nuovo Testamento ;$v10.$0(OLS)http://pul/title/199803 850 $aPUL 852 $aPUL$W1$xSL Religione 3$y85$m220 COLL 8.10$j201844$qDDC 21$B206891$CPULBib$Z2$F206891 $H137979 $82 941 1 $a9 996 $6020$a978-88-922-4685-0*$9(OLS)http://pul/number/170485 996 $6082$a222.05$9(OLS)http://pul/classification/3107 996 $6245$aIl giusto nel Salterio :$bideale e realtą$9(OLS)http://pul/title/219465 996 $6264$aCinisello Balsamo :$bSan Paolo$9(OLS)http://pul/publisher/54577 996 $6264$a[S.l.] :$b[s.n.]$9(OLS)http://pul/publisher/0